000 00318nam a2200121Ia 4500
008 191201s2013 xx 000 0 und d
100 _aDESAI,Vasant
245 0 _aEntrepreneurial Development Potential...
260 _aN. delhi
_bHimalaya Publication House
_c2013
300 _a555
650 _aMBA
942 _2ddc
_cBK
_01
999 _c6224
_d6224